000
00363nam a2200145Ia 4500
008
231129s1995||||xx |||||||||||||| ||spa||
020
_a
84-7634-257-8
040
_b
spa
082
_a
808.3876 S587m
100
_a
Silverberg Robert
245
0
_a
El mundo interior
260
_c
1995
264
_a
Orbis
942
_2
ddc
_c
BKS
999
_c
11805
_d
11805